| Tag |
First Indicator |
Second Indicator |
Subfields |
| LEADER |
00000nam a2200000 i 4500 |
| 001 |
in00004674921 |
| 003 |
OCoLC |
| 005 |
20230404154637.8 |
| 006 |
m o d |
| 007 |
cr ||||||||||| |
| 008 |
221016s2023 enka o 000 0 eng d |
| 024 |
8 |
|
|a 99993690400
|
| 040 |
|
|
|a YDX
|b eng
|e pn
|e rda
|c YDX
|d JSTOR
|d N$T
|d EBLCP
|d N$T
|d OCLCF
|d OCLCQ
|d SFB
|d WAU
|d OCLCQ
|
| 020 |
|
|
|a 1788215125
|q (electronic bk.)
|
| 020 |
|
|
|a 9781788215121
|q (electronic bk.)
|
| 035 |
|
|
|a (OCoLC)1347696422
|
| 037 |
|
|
|a 22573/ctv2zk0872
|b JSTOR
|
| 050 |
|
4 |
|a GF45
|b .T87 2023
|
| 082 |
0 |
4 |
|a 304.2
|2 23/eng/20221017
|
| 100 |
1 |
|
|a Turner, B. L.
|q (Billie Lee),
|d 1945-
|e author.
|
| 245 |
1 |
4 |
|a The Anthropocene :
|b 101 questions and answers for understanding the human impact of the global environment /
|c B.L. Turner II.
|
| 264 |
|
1 |
|a Newcastle upon Tyne :
|b Agenda Publishing,
|c 2023.
|
| 300 |
|
|
|a 1 online resource ( xvi, 382 pages) :
|b illustrations.
|
| 336 |
|
|
|a text
|b txt
|2 rdacontent
|
| 337 |
|
|
|a computer
|b c
|2 rdamedia
|
| 338 |
|
|
|a online resource
|b cr
|2 rdacarrier
|
| 650 |
|
0 |
|a Human ecology.
|
| 650 |
|
0 |
|a Nature
|x Effect of human beings on.
|
| 650 |
|
7 |
|a Human ecology.
|2 fast
|0 (OCoLC)fst00962941
|
| 650 |
|
7 |
|a Nature
|x Effect of human beings on.
|2 fast
|0 (OCoLC)fst01034564
|
| 655 |
|
7 |
|a Electronic books.
|2 local
|
| 710 |
2 |
|
|a JSTOR (Organization)
|
| 856 |
4 |
0 |
|u http://proxy.library.tamu.edu/login?url=https://www.jstor.org/stable/10.2307/j.ctv2zmkbsb
|z Connect to the full text of this electronic book
|t 0
|
| 945 |
|
|
|a machinegen
|b 684844
|
| 955 |
|
|
|a YBP purchased JSTOR DDA e-records
|
| 980 |
|
|
|b ebook
|c 99993690400
|f NONFIC/B
|g 565704
|k USD
|m 150.00
|q 1
|s AcqMono Conventional
|t Demand driven acquisitions (DDA)
|u Vendor order reference number
|v ZYBP
|y PDA
|z Electronic resource
|
| 999 |
f |
f |
|i ef3dcf4c-edfd-4a44-93e2-c90c59f36b3e
|s 5156bb1d-8f36-4b7e-afc1-03ae21488731
|t 0
|
| 952 |
f |
f |
|a Texas A&M University
|b College Station
|c Electronic Resources
|s www_evans
|d Available Online
|t 0
|e GF45 .T87 2023
|h Library of Congress classification
|